Guess the country by its population rank - Statistics

General Stats
  • This quiz has been taken 27 times
  • The average score is 2 of 5
Answer Stats
Population rank Answer % Correct
#5 Pakistan
100%
#18 Turkey
37%
#45 Peru
26%
#78 Burundi
16%
#39 Morocco
16%
No matching quizzes found
Score Distribution
Percent of People with Each Score
Percentile by Number Answered
Your Score History
You have not taken this quiz